[Event "South Wales International Open"]
[Site "Bridgend"]
[Date "2022.07.11"]
[Round "7.11"]
[White "Ralphs, Nigel"]
[Black "Gibbs, Dominic V"]
[Result "0-1"]
[WhiteElo "1964"]
[BlackElo "1873"]
[PlyCount "68"]
[EventDate "2022.07.07"]
[EventRounds "9"]
[EventCountry "WLS"]

1. c4 e5 2. Nc3 Nc6 3. Nf3 g6 4. e3 Bg7 5. d4 d6 6. Be2 Nge7 7. d5 Nb8 8. e4
O-O 9. O-O Nd7 10. Bd2 f5 11. b4 Nf6 12. Bd3 h6 13. Ne1 Rf7 14. f3 f4 15. Be2
g5 16. Nd3 h5 17. Nf2 Bf8 18. c5 Rg7 19. h3 Ng6 20. cxd6 cxd6 21. Rc1 Nh4 22.
Qc2 g4 23. hxg4 hxg4 24. Nxg4 Nxg4 25. fxg4 Bxg4 26. Be1 Nxg2 27. Bxg4 Ne3 28.
Kh1 Rh7+ 29. Kg1 Nxc2 30. Be6+ Kh8 31. Rxc2 Qb6+ 32. Rff2 Be7 33. Kg2 Qe3 34.
Rfe2 f3+ 0-1

[Event "South Wales International Open"]
[Site "Bridgend"]
[Date "2022.07.11"]
[Round "7.12"]
[White "Hurn, Robert Aj"]
[Black "De Coverly, Roger D"]
[Result "0-1"]
[WhiteElo "1605"]
[BlackElo "1914"]
[PlyCount "84"]
[EventDate "2022.07.07"]
[EventRounds "9"]
[EventCountry "WLS"]

1. d4 Nf6 2. c4 g6 3. f3 Bg7 4. e4 d6 5. Nc3 O-O 6. Be3 c5 7. dxc5 dxc5 8. Qxd8
Rxd8 9. Bxc5 Nc6 10. Ba3 a5 11. Rd1 Be6 12. Nd5 Bxd5 13. cxd5 Nb4 14. Bb5 Nc2+
15. Kf2 Nxa3 16. bxa3 Rac8 17. Ne2 Rc2 18. Rc1 Rxa2 19. a4 Ne8 20. Bxe8 Rxe8
21. Rc4 Be5 22. g3 Bd6 23. Rhc1 Bb4 24. Rc7 b6 25. f4 Bc5+ 26. Kf3 Rxa4 27. h4
h5 28. f5 Ra3+ 29. Rc3 Ra1 30. fxg6 Rf1+ 31. Kg2 Rf2+ 32. Kh3 Rxe2 33. gxf7+
Kxf7 34. Rf3+ Kg7 35. Rf5 Rxe4 36. Rg5+ Kh6 37. Rc6+ Bd6 38. Rxb6 a4 39. Rb1
Rf8 40. Rb6 Rf2 41. Ra6 Ree2 42. Rxd6+ exd6 0-1

[Event "South Wales International Open"]
[Site "Bridgend"]
[Date "2022.07.11"]
[Round "7.13"]
[White "Fathallah, Joe"]
[Black "Dixon, Chris"]
[Result "1-0"]
[WhiteElo "1912"]
[BlackElo "1696"]
[PlyCount "53"]
[EventDate "2022.07.07"]
[EventRounds "9"]
[EventCountry "WLS"]

1. d4 Nf6 2. c4 g6 3. Nc3 Bg7 4. e4 O-O 5. f3 Nc6 6. Nge2 e5 7. d5 Nd4 8. Be3
c5 9. dxc6 dxc6 10. Nxd4 exd4 11. Bxd4 Nxe4 12. Bxg7 Qh4+ 13. g3 Nxg3 14. Bf6
Qxf6 15. hxg3 Re8+ 16. Kf2 Bg4 17. Be2 Rad8 18. Qc2 Bf5 19. Qc1 h5 20. Rd1 Rxd1
21. Qxd1 h4 22. Qd2 Qe5 23. Qf4 Qc5+ 24. Kg2 h3+ 25. Kf1 Kg7 26. g4 Be6 27.
Qf6+ 1-0

[Event "South Wales International Open"]
[Site "Bridgend"]
[Date "2022.07.11"]
[Round "7.14"]
[White "Van Kemenade, Rudy"]
[Black "Robinson, David"]
[Result "1-0"]
[WhiteElo "1921"]
[BlackElo "1857"]
[PlyCount "23"]
[EventDate "2022.07.07"]
[EventRounds "9"]
[EventCountry "WLS"]

1. f4 d5 2. Nf3 Nf6 3. g3 Bf5 4. d3 c6 5. Bg2 e6 6. O-O Nbd7 7. h3 Qc7 8. c3
Bd6 9. Qe1 Qb6+ 10. Kh1 h5 11. Nh4 O-O-O 12. e4 1-0

[Event "South Wales International Open"]
[Site "Bridgend"]
[Date "2022.07.11"]
[Round "7.15"]
[White "Probert, Malcolm"]
[Black "Gawne, Martin"]
[Result "1/2-1/2"]
[WhiteElo "1572"]
[BlackElo "1724"]
[PlyCount "70"]
[EventDate "2022.07.07"]
[EventRounds "9"]
[EventCountry "WLS"]

1. Nf3 d5 2. d4 Nf6 3. g3 Bf5 4. Bg2 h6 5. O-O e6 6. c4 c6 7. Nc3 Bd6 8. Nd2
Nbd7 9. e4 dxe4 10. Ndxe4 Nxe4 11. Nxe4 Bxe4 12. Bxe4 Nf6 13. Bf3 Rc8 14. Qe2
O-O 15. Rd1 Re8 16. Be3 Bb8 17. Rd3 Rc7 18. Rad1 Rd7 19. Qd2 Qe7 20. a3 Red8
21. Qe2 a6 22. Bg2 Ba7 23. c5 Nd5 24. Bd2 Bb8 25. Ba5 Bc7 26. Bxc7 Nxc7 27. a4
a5 28. Qd2 Na6 29. Qc3 Nb4 30. R3d2 Qg5 31. f4 Qf5 32. Qe3 Nc2 33. Qc3 Nb4 34.
Qe3 Nc2 35. Qc3 Nb4 1/2-1/2

[Event "South Wales International Open"]
[Site "Bridgend"]
[Date "2022.07.11"]
[Round "7.16"]
[White "Thomas, Roy"]
[Black "Westcott, Dale"]
[Result "1-0"]
[WhiteElo "1673"]
[BlackElo "1250"]
[PlyCount "125"]
[EventDate "2022.07.07"]
[EventRounds "9"]
[EventCountry "WLS"]

1. f4 d5 2. e3 Nf6 3. Nf3 c5 4. Be2 g6 5. O-O Bg7 6. d3 O-O 7. Nc3 Nc6 8. e4
dxe4 9. dxe4 Qxd1 10. Rxd1 b6 11. e5 Ng4 12. h3 Nh6 13. Nd5 e6 14. Nc7 Rb8 15.
Rd6 Bb7 16. Bb5 Nf5 17. Rxc6 Bxc6 18. Bxc6 Rbc8 19. Nxe6 fxe6 20. Bd7 Rcd8 21.
Bxe6+ Kh8 22. Bd2 Nh4 23. Be3 Nxf3+ 24. gxf3 Bh6 25. c4 Bxf4 26. Bxf4 Rxf4 27.
Bd5 Re8 28. e6 Re7 29. Rd1 Kg7 30. Kf2 Kf6 31. Kg3 g5 32. b3 h5 33. Rd2 h4+ 34.
Kf2 Rd4 35. Re2 a5 36. Ke3 Rd1 37. f4 gxf4+ 38. Kxf4 Rd4+ 39. Ke3 Rd1 40. Rf2+
Ke5 41. Rf7 Rxe6 42. Bxe6 Kxe6 43. Rh7 Ra1 44. Rxh4 Rxa2 45. Rh6+ Kf5 46. Rxb6
Rh2 47. Rh6 Kg5 48. Rh8 Rb2 49. Ke4 Rxb3 50. Kd5 a4 51. Kxc5 a3 52. Kc6 Kf5 53.
c5 a2 54. Ra8 Ke6 55. Rxa2 Rxh3 56. Rd2 Rc3 57. Kb6 Rb3+ 58. Kc7 Ke7 59. Re2+
Kf8 60. c6 Rc3 61. Re6 Kf7 62. Kd7 Rc1 63. Rd6 1-0

[Event "South Wales International Open"]
[Site "Bridgend"]
[Date "2022.07.11"]
[Round "7.18"]
[White "Harding, Gareth"]
[Black "Sainbayar, Anuurai"]
[Result "0-1"]
[WhiteElo "1808"]
[BlackElo "1512"]
[PlyCount "78"]
[EventDate "2022.07.07"]
[EventRounds "9"]
[EventCountry "WLS"]

1. d4 Nf6 2. Nf3 e6 3. Bg5 Be7 4. Nbd2 d5 5. e3 c5 6. c3 Nc6 7. Bd3 Nh5 8. Bxe7
Qxe7 9. Bb5 Bd7 10. Bxc6 Bxc6 11. Ne5 Nf6 12. O-O Rc8 13. Re1 O-O 14. Ndf3 Ne4
15. Rc1 f6 16. Nd3 Be8 17. Nxc5 Nxc5 18. dxc5 Rxc5 19. Nd4 Bf7 20. h3 Rfc8 21.
g4 b5 22. Qd2 Qd7 23. f4 h5 24. Nf3 Qc7 25. g5 b4 26. gxf6 gxf6 27. Qd4 e5 28.
Qxb4 Rc4 29. Qb3 exf4 30. Nd4 f3 31. Kf2 Qh2+ 32. Kxf3 h4 33. Rg1+ Kh8 34. Qc2
Bh5+ 35. Rg4 Qxh3+ 36. Kf2 Qxg4 37. Rg1 Qe4 38. Qb3 Rxd4 39. exd4 Qf3+ 0-1

[Event "South Wales International Open"]
[Site "Bridgend"]
[Date "2022.07.11"]
[Round "7.19"]
[White "Nilsson, Joakim"]
[Black "Arkell, Keith C"]
[Result "0-1"]
[WhiteElo "2213"]
[BlackElo "2400"]
[PlyCount "178"]
[EventDate "2022.07.07"]
[EventRounds "9"]
[EventCountry "WLS"]

1. d4 Nf6 2. c4 e6 3. g3 c5 4. d5 exd5 5. cxd5 d6 6. Nc3 g6 7. Bg2 Bg7 8. Nf3
O-O 9. O-O Na6 10. Nd2 Nc7 11. a4 b6 12. Nc4 Ba6 13. Na3 Qd7 14. Re1 Rfe8 15.
h3 Re7 16. Qb3 Qe8 17. Bf4 Rd8 18. Nab5 Nxb5 19. axb5 Bc8 20. Ra4 Nh5 21. Bg5
f6 22. Bd2 f5 23. Bg5 Bf6 24. Bxf6 Nxf6 25. Rea1 Qf7 26. Qa2 Rdd7 27. e3 Rc7
28. Qc4 Nd7 29. Qh4 Ne5 30. e4 Nd3 31. exf5 gxf5 32. Qg5+ Qg6 33. Qd2 c4 34. b3
Nc5 35. bxc4 Nxa4 36. Rxa4 Qf6 37. Ne2 Bd7 38. Bf3 a5 39. Qf4 Rc8 40. Nd4 Re1+
41. Kg2 Qe5 42. Qh4 Re8 43. Ne6 Bxe6 44. dxe6 Kh8 45. Bd5 f4 46. Ra3 Rg8 47. e7
Qg5 48. Bxg8 Qxh4 49. gxh4 Kxg8 50. Rd3 Rxe7 51. Rxd6 Rb7 52. Kf3 Kf7 53. Kxf4
a4 54. Ke5 a3 55. Rd2 Rc7 56. Rc2 Ke7 57. Kd5 Rc5+ 58. Kd4 Rh5 59. Ra2 Kd6 60.
Rxa3 Rxh4+ 61. Kc3 Kc5 62. Ra4 Rxh3+ 63. Kd2 h5 64. Ke2 Rc3 65. Ra8 Rxc4 66.
Rf8 Kxb5 67. Kd3 h4 68. f4 h3 69. Rh8 Rxf4 70. Rxh3 Rc4 71. Rh1 Kc5 72. Rh8 Kb4
73. Rh1 Rc3+ 74. Kd2 b5 75. Rb1+ Rb3 76. Rc1 Rb2+ 77. Kd3 Kb3 78. Rc3+ Ka4 79.
Rc8 b4 80. Rc7 Kb3 81. Rc1 Rh2 82. Rb1+ Ka3 83. Kc4 Rc2+ 84. Kd3 b3 85. Ra1+
Kb2 86. Ra7 Rc3+ 87. Kd2 Rc8 88. Rd7 Kb1 89. Ra7 b2 0-1

[Event "South Wales International Open"]
[Site "Bridgend"]
[Date "2022.07.11"]
[Round "7.20"]
[White "Fowler, Caspian"]
[Black "Mckenna, Joshua"]
[Result "0-1"]
[WhiteElo "1483"]
[BlackElo "1658"]
[PlyCount "64"]
[EventDate "2022.07.07"]
[EventRounds "9"]
[EventCountry "WLS"]

1. e4 d6 2. d4 Nf6 3. Nc3 g6 4. h3 Bg7 5. Nf3 O-O 6. Be3 c6 7. a4 a5 8. Bc4
Nxe4 9. Nxe4 d5 10. Bd3 dxe4 11. Bxe4 Nd7 12. c3 e5 13. dxe5 Nxe5 14. Nxe5 Bxe5
15. O-O Qh4 16. Qf3 Re8 17. Bc2 h5 18. Rfe1 Bg4 19. hxg4 hxg4 20. Qd1 g3 21.
fxg3 Bxg3 22. Re2 Qh2+ 23. Kf1 Rxe3 24. Rxe3 Qh1+ 25. Ke2 Qxg2+ 26. Kd3 Rd8+
27. Kc4 Rxd1 28. Rxd1 Qxc2 29. Rd8+ Kg7 30. Rxg3 Qxa4+ 31. Kc5 Qb5+ 32. Kd4
Qb6+ 0-1

[Event "South Wales International Open"]
[Site "Bridgend"]
[Date "2022.07.11"]
[Round "7.22"]
[White "Khan, Mohammed"]
[Black "Emblem, Mark"]
[Result "1-0"]
[WhiteElo "1778"]
[BlackElo "1437"]
[PlyCount "37"]
[EventDate "2022.07.07"]
[EventRounds "9"]
[EventCountry "WLS"]

1. e4 e6 2. Nc3 d5 3. Nf3 Nf6 4. e5 Nfd7 5. d4 c5 6. Bg5 Be7 7. Bxe7 Qxe7 8.
Nb5 Nb6 9. Nd6+ Kf8 10. dxc5 N8d7 11. cxb6 Nxb6 12. Bd3 g6 13. O-O Rb8 14. Nd4
Bd7 15. c3 Kg7 16. f4 Rhf8 17. Qg4 f6 18. Qg3 Bc6 19. N6f5+ 1-0

[Event "South Wales International Open"]
[Site "Bridgend"]
[Date "2022.07.11"]
[Round "8.1"]
[White "Brown, Thomas"]
[Black "Wells, Peter K"]
[Result "0-1"]
[WhiteElo "2194"]
[BlackElo "2379"]
[PlyCount "69"]
[EventDate "2022.07.07"]
[EventRounds "9"]
[EventCountry "WLS"]

1. d4 Nf6 2. Nf3 d5 3. c3 c5 4. dxc5 e6 5. b4 a5 6. e3 b6 7. Bb5+ Bd7 8. Bxd7+
Nfxd7 9. a4 bxc5 10. b5 Be7 11. O-O Nb6 12. Nbd2 O-O 13. e4 N8d7 14. exd5 exd5
15. Nb3 Bf6 16. Qc2 Qc7 17. Re1 c4 18. Nbd4 Nc5 19. Be3 Rfe8 20. Nc6 Nd3 21.
Bxb6 Qxb6 22. Rxe8+ Rxe8 23. Nfd4 g6 24. Qd2 h5 25. h3 Kh7 26. g4 hxg4 27. hxg4
Re4 28. f3 Rxd4 29. Kh2 Rf4 30. Kg3 Qc7 31. Qh2+ Kg7 32. Kg2 Bxc3 33. Rh1 Ne1+
34. Rxe1 Bxe1 35. b6 0-1

[Event "South Wales International Open"]
[Site "Bridgend"]
[Date "2022.07.11"]
[Round "8.2"]
[White "Smith, Olivia"]
[Black "Camacho Collados, Jose"]
[Result "0-1"]
[WhiteElo "2038"]
[BlackElo "2410"]
[PlyCount "110"]
[EventDate "2022.07.07"]
[EventRounds "9"]
[EventCountry "WLS"]

1. e4 c5 2. Nf3 e6 3. d4 cxd4 4. Nxd4 Nf6 5. Nc3 Nc6 6. g3 Bb4 7. Bg2 O-O 8.
O-O a6 9. Nxc6 dxc6 10. e5 Nd7 11. Qe2 Qa5 12. Bf4 Bxc3 13. bxc3 Qxc3 14. Rad1
a5 15. Rd3 Qc4 16. Qh5 Nc5 17. Rfd1 Nxd3 18. cxd3 Qd4 19. Be4 g6 20. Qh6 f5 21.
Bf3 Bd7 22. h4 Be8 23. h5 Qd7 24. hxg6 Bxg6 25. Kg2 a4 26. Qh4 a3 27. Bg5 Ra5
28. Be7 Rf7 29. Bd6 f4 30. gxf4 Ra4 31. d4 Rg7 32. Kh2 Ra8 33. Rg1 Qf7 34. Rg5
Kh8 35. Bd1 Be4 36. Bh5 Bg6 37. Bd1 Qd7 38. Rg3 Rag8 39. Bb3 Bf5 40. Qf6 Qe8
41. Bd1 h6 42. Rxg7 Rxg7 43. Bf8 Qg6 44. Bxg7+ Qxg7 45. Qh4 Kh7 46. Bf3 Bb1 47.
Bd1 Bxa2 48. Bc2+ Kg8 49. Qd8+ Qf8 50. Qh4 Bd5 51. f3 a2 52. Qg4+ Kh8 53. Qg6
Qxf4+ 54. Kg2 Qxf3+ 55. Kh2 Qh1+ 0-1

[Event "South Wales International Open"]
[Site "Bridgend"]
[Date "2022.07.11"]
[Round "8.3"]
[White "Murphy, Hugh W"]
[Black "Rudd, Jack"]
[Result "1/2-1/2"]
[WhiteElo "2125"]
[BlackElo "2331"]
[PlyCount "175"]
[EventDate "2022.07.07"]
[EventRounds "9"]
[EventCountry "WLS"]

1. d4 Nf6 2. Nf3 e6 3. Bg5 c5 4. e3 Nc6 5. Nbd2 Be7 6. Bd3 b6 7. O-O Bb7 8. c3
O-O 9. e4 d5 10. e5 Nd7 11. Bxe7 Qxe7 12. Re1 Rac8 13. a3 f6 14. exf6 Qxf6 15.
Qe2 Rce8 16. Bb5 Re7 17. Nf1 cxd4 18. cxd4 Nxd4 19. Nxd4 Qxd4 20. Rad1 Qf4 21.
Bxd7 Rxd7 22. Qxe6+ Rdf7 23. f3 d4 24. Qc4 Qg5 25. Ng3 h5 26. Qxd4 h4 27. Re5
Qf6 28. Ne4 Qg6 29. Rg5 Qh6 30. Rg4 h3 31. Ng5 Rc7 32. Nxh3 Bxf3 33. gxf3 Qxh3
34. Rf4 Rxf4 35. Qxf4 Rc6 36. Qe4 Re6 37. Rd8+ Kf7 38. Qd5 Kg6 39. Rd6 Rxd6 40.
Qxd6+ Kh7 41. Qd5 Qc8 42. Qd4 Qc1+ 43. Kg2 g5 44. h4 gxh4 45. Qxh4+ Kg6 46.
Qe4+ Kf6 47. Qd4+ Kf5 48. Qd7+ Kf6 49. Qd4+ Kf5 50. Qc3 Qd1 51. Kf2 a5 52. Qc8+
Kg5 53. Qc3 Kf5 54. Qe3 Qc2+ 55. Qe2 Qc5+ 56. Kg2 Qd4 57. Qc2+ Kf4 58. Qc1+ Kf5
59. Qc3 Qd6 60. Kf2 Qh2+ 61. Ke1 Qg1+ 62. Kd2 Qf2+ 63. Kc1 Qf1+ 64. Kc2 Qe2+
65. Kb1 Qd1+ 66. Ka2 a4 67. Qc4 Ke5 68. Qc7+ Kf5 69. Qf7+ Ke5 70. f4+ Ke4 71.
f5 Qd4 72. f6 Kf5 73. Qh5+ Ke6 74. Qe8+ Kf5 75. Qc8+ Kg6 76. Qe6 b5 77. Qe8+
Kf5 78. Qc8+ Kg6 79. Qg8+ Kf5 80. Qh7+ Ke6 81. f7 Qd5+ 82. Ka1 Qd1+ 83. Qb1
Qxb1+ 84. Kxb1 Kxf7 85. Kc2 Ke6 86. b3 Kd5 87. bxa4 bxa4 88. Kb2 1/2-1/2

[Event "South Wales International Open"]
[Site "Bridgend"]
[Date "2022.07.11"]
[Round "8.4"]
[White "Richardson, John R"]
[Black "Bullen, Alex"]
[Result "1-0"]
[WhiteElo "2289"]
[BlackElo "2106"]
[PlyCount "55"]
[EventDate "2022.07.07"]
[EventRounds "9"]
[EventCountry "WLS"]

1. e4 c6 2. d4 d5 3. e5 Bf5 4. h4 h5 5. Bd3 Bxd3 6. Qxd3 e6 7. Bg5 Qb6 8. Nd2
c5 9. c4 Qxb2 10. Rd1 Nc6 11. Ngf3 Nb4 12. Qe2 Nc2+ 13. Kf1 Nxd4 14. Nxd4 cxd4
15. cxd5 exd5 16. Rh3 Qb6 17. Rb3 Qa6 18. Qxa6 bxa6 19. Rc1 Be7 20. Rb7 f6 21.
Bf4 g5 22. Bh2 f5 23. Nf3 gxh4 24. Nxd4 Rh6 25. e6 Bg5 26. Rcc7 f4 27. Rg7 Nf6
28. Rxg5 1-0

[Event "South Wales International Open"]
[Site "Bridgend"]
[Date "2022.07.11"]
[Round "8.6"]
[White "De Coverly, Roger D"]
[Black "Blackburn, Jonathan L B"]
[Result "1/2-1/2"]
[WhiteElo "1914"]
[BlackElo "2176"]
[PlyCount "94"]
[EventDate "2022.07.07"]
[EventRounds "9"]
[EventCountry "WLS"]

1. e4 e6 2. d3 c5 3. Nf3 Nc6 4. g3 g6 5. Bg2 Bg7 6. O-O Nge7 7. c3 e5 8. a4 O-O
9. Na3 d6 10. Re1 b6 11. Rb1 Rb8 12. b4 cxb4 13. cxb4 Bg4 14. h3 Bxf3 15. Bxf3
Nd4 16. Bg2 b5 17. Nxb5 Nxb5 18. axb5 Rxb5 19. Bg5 Re8 20. Qa4 Qb8 21. Rec1 Bf8
22. Be3 a5 23. Bd2 Rd8 24. Bf1 axb4 25. Rxb4 Rxb4 26. Qxb4 Qxb4 27. Bxb4 Rc8
28. Rxc8 Nxc8 29. Bg2 f6 30. Kf1 Na7 31. h4 Kf7 32. Bh3 Ke7 33. Ke2 Bh6 34. Ba5
Bc1 35. Bb6 Nb5 36. Bc8 Nc3+ 37. Kf3 Ba3 38. Ba6 d5 39. exd5 Nxd5 40. Ba5 f5
41. Bc4 Nf6 42. Bd2 Ng4 43. Bg5+ Kf8 44. Ke2 h6 45. Bd8 Kg7 46. f3 Nf6 47.
Bxf6+ Kxf6 1/2-1/2

[Event "South Wales International Open"]
[Site "Bridgend"]
[Date "2022.07.11"]
[Round "8.7"]
[White "Waddington, Mike P"]
[Black "Fathallah, Joe"]
[Result "1/2-1/2"]
[WhiteElo "2071"]
[BlackElo "1912"]
[PlyCount "40"]
[EventDate "2022.07.07"]
[EventRounds "9"]
[EventCountry "WLS"]

1. Nc3 e6 2. e4 d5 3. Nf3 Nf6 4. e5 Nfd7 5. d4 c5 6. Bg5 Qb6 7. dxc5 Nxc5 8.
Bb5+ Bd7 9. Qe2 a6 10. Bxd7+ Ncxd7 11. O-O-O Bc5 12. Na4 Qb5 13. Qxb5 axb5 14.
Nxc5 Nxc5 15. Kb1 Nc6 16. Nd4 Nxe5 17. Nxb5 O-O 18. Be7 Rfc8 19. Bxc5 Rxc5 20.
Nd4 Nc6 1/2-1/2

[Event "South Wales International Open"]
[Site "Bridgend"]
[Date "2022.07.11"]
[Round "8.8"]
[White "Rathbone-Jones, Ifan"]
[Black "Menadue, Jeremy F S"]
[Result "1/2-1/2"]
[WhiteElo "1936"]
[BlackElo "1989"]
[PlyCount "51"]
[EventDate "2022.07.07"]
[EventRounds "9"]
[EventCountry "WLS"]

1. d4 d5 2. Nf3 Nf6 3. g3 c6 4. c4 dxc4 5. Bg2 Nbd7 6. a4 a5 7. O-O Nb6 8. Nbd2
h6 9. Qc2 Be6 10. e4 g5 11. Rd1 Bg7 12. Ne5 Ng4 13. Ndxc4 Nxc4 14. Nxc4 Bxd4
15. Be3 c5 16. Bxd4 cxd4 17. h3 Rc8 18. b3 Ne5 19. Qb2 Nxc4 20. bxc4 Rxc4 21.
Qb5+ Qd7 22. Qxa5 O-O 23. Bf1 Rc2 24. Qb6 Rd8 25. Rab1 Rc7 26. Rxd4 1/2-1/2

[Event "South Wales International Open"]
[Site "Bridgend"]
[Date "2022.07.11"]
[Round "8.9"]
[White "Gibbs, Dominic V"]
[Black "Spanton, Tim R"]
[Result "1/2-1/2"]
[WhiteElo "1873"]
[BlackElo "1889"]
[PlyCount "98"]
[EventDate "2022.07.07"]
[EventRounds "9"]
[EventCountry "WLS"]

1. e4 e5 2. Nf3 Nc6 3. Bb5 Nf6 4. Qe2 Bc5 5. c3 d6 6. O-O O-O 7. a4 a6 8. Bc4
Be6 9. Bxe6 fxe6 10. b4 Ba7 11. d3 Qe8 12. Be3 Qh5 13. Bxa7 Rxa7 14. Nbd2 g5
15. b5 axb5 16. axb5 Rxa1 17. Rxa1 Nd8 18. Nf1 g4 19. Ne1 Qg6 20. f3 gxf3 21.
Nxf3 Nh5 22. Ne3 Nf4 23. Qf1 Nxd3 24. Qxd3 Rxf3 25. Ra4 Qg5 26. Ra8 Rf8 27. h3
h5 28. Nc2 Qc1+ 29. Kh2 Qf4+ 30. Qg3+ Kh7 31. Qxf4 exf4 32. Nd4 e5 33. b6 c6
34. Nxc6 bxc6 35. b7 Nxb7 36. Rxf8 Nc5 37. Rc8 Nxe4 38. Rxc6 Kg6 39. Rc8 Kf5
40. Kg1 Ng3 41. c4 Ke4 42. c5 dxc5 43. Rxc5 Kd4 44. Rc8 e4 45. Kf2 Nh1+ 46. Ke1
Ke3 47. Rc3+ Kd4 48. Rc8 Kd3 49. Ra8 Ng3 1/2-1/2

[Event "South Wales International Open"]
[Site "Bridgend"]
[Date "2022.07.11"]
[Round "8.10"]
[White "Skettos, Nicolas"]
[Black "Fowler, Hugo"]
[Result "1/2-1/2"]
[WhiteElo "1972"]
[BlackElo "1873"]
[PlyCount "35"]
[EventDate "2022.07.07"]
[EventRounds "9"]
[EventCountry "WLS"]

1. e4 e5 2. Nf3 Nc6 3. d4 exd4 4. Nxd4 Bc5 5. Nxc6 Qf6 6. Qf3 bxc6 7. Nd2 d6 8.
Nb3 Bb6 9. a4 a5 10. Bd2 Be6 11. Bc3 Qxf3 12. gxf3 f6 13. Nd4 Bxd4 14. Bxd4 Ne7
15. O-O-O Kf7 16. f4 f5 17. f3 Ng6 18. Be3 1/2-1/2

[Event "South Wales International Open"]
[Site "Bridgend"]
[Date "2022.07.11"]
[Round "8.11"]
[White "Hughes, Anthony"]
[Black "Van Kemenade, Rudy"]
[Result "0-1"]
[WhiteElo "1865"]
[BlackElo "1921"]
[PlyCount "108"]
[EventDate "2022.07.07"]
[EventRounds "9"]
[EventCountry "WLS"]

1. c4 e5 2. Nc3 Nc6 3. g3 f5 4. d3 Nf6 5. Bg2 d6 6. e4 Be7 7. Nge2 O-O 8. O-O
Qe8 9. Nd5 Bd8 10. f4 Qg6 11. Nec3 Nd4 12. Be3 c6 13. Nxf6+ Bxf6 14. Bxd4 exd4
15. Ne2 fxe4 16. Bxe4 Bf5 17. Bxf5 Qxf5 18. Qd2 Rfe8 19. Rae1 Re3 20. Nc1 Rae8
21. Re2 d5 22. b3 dxc4 23. bxc4 Rxe2 24. Nxe2 Re3 25. Nc1 Qe6 26. Qa5 a6 27.
Qb4 b5 28. cxb5 axb5 29. Qb3 Qxb3 30. axb3 c5 31. Kf2 Re8 32. Re1 Rxe1 33. Kxe1
Kf7 34. Ke2 Ke6 35. Kf3 Kd5 36. Ke2 Bd8 37. Kf3 Ba5 38. g4 Bd2 39. Ne2 c4 40.
bxc4+ bxc4 41. dxc4+ Kxc4 42. Ke4 d3 43. Ng3 Kc3 44. Ke5 Kc2 45. Ne4 Bc3+ 46.
Kf5 d2 47. Nxd2 Kxd2 48. h4 Ke3 49. h5 Kf3 50. g5 Bd2 51. h6 g6+ 52. Kf6 Kxf4
53. Kg7 Kxg5 54. Kxh7 Kh5 0-1

[Event "South Wales International Open"]
[Site "Bridgend"]
[Date "2022.07.11"]
[Round "8.12"]
[White "Jukes, Sam"]
[Black "Thomas, Roy"]
[Result "1-0"]
[WhiteElo "1906"]
[BlackElo "1673"]
[PlyCount "71"]
[EventDate "2022.07.07"]
[EventRounds "9"]
[EventCountry "WLS"]

1. e4 c5 2. Nf3 Nc6 3. d4 cxd4 4. Nxd4 e5 5. Nb5 d6 6. N1c3 a6 7. Na3 Be7 8.
Nc4 Nf6 9. Bg5 b5 10. Bxf6 gxf6 11. Ne3 Bb7 12. Nf5 Qa5 13. a4 Qb4 14. Qd2 Nd4
15. Nxe7 Kxe7 16. Bd3 Qc5 17. b4 Qb6 18. Ne2 Rhg8 19. Nxd4 Qxd4 20. c3 Qb6 21.
O-O f5 22. Qh6 f4 23. Qh4+ Kd7 24. Qf6 Raf8 25. axb5 axb5 26. Rfd1 Bc6 27. Bf1
Bb7 28. Qxe5 Rg6 29. Bxb5+ Kd8 30. Bf1 Re8 31. Qxf4 Rxe4 32. Qxf7 Reg4 33. Qf8+
Kd7 34. Qf5+ Kc7 35. Re1 Bxg2 36. Re7+ 1-0

[Event "South Wales International Open"]
[Site "Bridgend"]
[Date "2022.07.11"]
[Round "8.14"]
[White "Sainbayar, Anuurai"]
[Black "Ralphs, Nigel"]
[Result "0-1"]
[WhiteElo "1512"]
[BlackElo "1964"]
[PlyCount "92"]
[EventDate "2022.07.07"]
[EventRounds "9"]
[EventCountry "WLS"]

1. b4 d5 2. e3 Nf6 3. Bb2 e6 4. a3 Be7 5. c4 O-O 6. Nf3 b6 7. Nc3 Bb7 8. Qc2
Nbd7 9. cxd5 Nxd5 10. Nxd5 Bxd5 11. Bd3 h6 12. Rc1 c5 13. b5 Bf6 14. e4 Bxb2
15. Qxb2 Bb7 16. Bb1 Qf6 17. e5 Qf4 18. Rc3 Bxf3 19. Rxf3 Qxe5+ 20. Qxe5 Nxe5
21. Re3 Ng4 22. Re4 Nf6 23. Rc4 Rfd8 24. Ke2 Rd7 25. f4 Rad8 26. Rd1 Rd4 27. d3
Nd5 28. Rxd4 cxd4 29. Kf3 Nc3 30. Re1 Nxb5 31. a4 Nc3 32. Bc2 Kf8 33. Bb3 Rc8
34. g4 Rc5 35. Re5 Rxe5 36. fxe5 g5 37. h3 Ke7 38. Bc4 f6 39. exf6+ Kxf6 40.
Bb5 Ke5 41. Be8 a5 42. Bd7 Kd6 43. Be8 b5 44. axb5 a4 45. b6 a3 46. b7 Kc7 0-1

[Event "South Wales International Open"]
[Site "Bridgend"]
[Date "2022.07.11"]
[Round "8.15"]
[White "Robinson, David"]
[Black "Mckenna, Joshua"]
[Result "1-0"]
[WhiteElo "1857"]
[BlackElo "1658"]
[PlyCount "51"]
[EventDate "2022.07.07"]
[EventRounds "9"]
[EventCountry "WLS"]

1. e4 d6 2. d4 Nf6 3. Nc3 g6 4. Bc4 Nxe4 5. Bxf7+ Kxf7 6. Nxe4 Ke8 7. Nf3 Bf5
8. Qe2 Nc6 9. c3 Bg7 10. Bf4 Kd7 11. Nfg5 Qe8 12. g4 e5 13. gxf5 exf4 14. f6
Bh6 15. Qg4+ Kd8 16. O-O-O Qd7 17. Ne6+ Kc8 18. f3 Re8 19. d5 Ne5 20. Qh3 Nf7
21. Kb1 c6 22. c4 b5 23. Qf1 bxc4 24. Qxc4 Ne5 25. Qa6+ Qb7 26. Nxd6+ 1-0

[Event "South Wales International Open"]
[Site "Bridgend"]
[Date "2022.07.11"]
[Round "8.16"]
[White "Gawne, Martin"]
[Black "Hurn, Robert Aj"]
[Result "1-0"]
[WhiteElo "1724"]
[BlackElo "1605"]
[PlyCount "79"]
[EventDate "2022.07.07"]
[EventRounds "9"]
[EventCountry "WLS"]

1. d4 Nf6 2. Bf4 d6 3. e3 g6 4. h3 Bg7 5. Nf3 O-O 6. Be2 Nbd7 7. O-O c5 8. c3
b6 9. Nbd2 Bb7 10. Re1 Re8 11. Bh2 e5 12. Nc4 Qc7 13. dxe5 dxe5 14. Ncxe5 Nxe5
15. Nxe5 Rxe5 16. Bxe5 Qxe5 17. Bf3 Ne4 18. Qd7 Ba6 19. Rad1 Bc4 20. b3 Be6 21.
Qc6 Rc8 22. Qxe4 Qxc3 23. Qd3 Qe5 24. Rd2 Bf6 25. Red1 Qg5 26. Qa6 Bxh3 27. Rd5
Be5 28. Qxa7 Be6 29. Qb7 Rb8 30. Qxb8+ Bxb8 31. Rxg5 Kg7 32. Bg4 f5 33. Rd8 Be5
34. Bh3 Bf6 35. Rd6 Kf7 36. Rg3 Be5 37. Rxb6 Bxg3 38. fxg3 g5 39. g4 c4 40.
Rxe6 1-0

[Event "South Wales International Open"]
[Site "Bridgend"]
[Date "2022.07.11"]
[Round "8.17"]
[White "Dixon, Chris"]
[Black "Probert, Malcolm"]
[Result "0-1"]
[WhiteElo "1696"]
[BlackElo "1572"]
[PlyCount "67"]
[EventDate "2022.07.07"]
[EventRounds "9"]
[EventCountry "WLS"]

1. e4 c6 2. d4 d5 3. exd5 cxd5 4. Bd3 Nc6 5. c3 g6 6. Bf4 Bg7 7. Nd2 Nh6 8. h4
Bf5 9. Bxf5 Nxf5 10. g4 Nh6 11. Qe2 Qd7 12. Bxh6 Bxh6 13. g5 Bg7 14. O-O-O
O-O-O 15. Ngf3 Rhe8 16. Nb3 e5 17. Qb5 Qc7 18. dxe5 a6 19. Qa4 Nxe5 20. Nxe5
Rxe5 21. Nd4 Re4 22. Qc2 Kb8 23. Kb1 Rc8 24. Qd2 Qb6 25. f3 Re7 26. Rhe1 Rec7
27. Ka1 Rc4 28. Re2 Bxd4 29. cxd4 Rxd4 30. Qe1 Rdc4 31. Rb1 Qc5 32. Rd2 Rc1 33.
Qe5+ Ka8 34. Qd4 0-1

[Event "South Wales International Open"]
[Site "Bridgend"]
[Date "2022.07.11"]
[Round "8.18"]
[White "Westcott, Dale"]
[Black "Khan, Mohammed"]
[Result "0-1"]
[WhiteElo "1250"]
[BlackElo "1778"]
[PlyCount "62"]
[EventDate "2022.07.07"]
[EventRounds "9"]
[EventCountry "WLS"]

1. d4 Nf6 2. Nf3 g6 3. g3 Bg7 4. Bg2 O-O 5. O-O d5 6. c4 c6 7. b3 c5 8. Bb2
dxc4 9. bxc4 Qb6 10. Qc2 Nfd7 11. Rd1 Nc6 12. e3 cxd4 13. Nxd4 Nb4 14. Qb3 Nc5
15. Qc3 Rd8 16. Na3 Nbd3 17. Rab1 e5 18. Ne2 Na4 19. Qb3 Naxb2 20. Qxb6 axb6
21. Rxb2 Rxa3 22. Rxb6 Bg4 23. f3 Be6 24. c5 Rc8 25. Nc1 Nxc5 26. Nb3 Nxb3 27.
axb3 Rxb3 28. Rbd6 Rxe3 29. Kf2 Rec3 30. h4 Bf8 31. Rb6 Bc5+ 0-1